| 000 | 00000nam##2200000za#4500 |
| 001 | 9.627584 |
| 003 | CaOODSP |
| 005 | 20210615105234 |
| 007 | ta |
| 008 | 150406|2008||||xxc||||| f|0| 0 fre|d |
| 020 | |a978-0-662-07104-4 |
| 022 | |a0701-7944 |
| 040 | |aCaOODSP|bfre |
| 043 | |an-cn--- |
| 086 | 1 |aCW69-1/114F |
| 110 | 2 |aService canadien de la faune. |
| 245 | 10|aHabitats terrestres clé pour les oiseaux migrateurs dans les Territoires du Nord-Ouest et au Nunavut / |c[par] P.B. Latour ... [et al.]. |
| 250 | |a1ère éd. |
| 260 | |aOttawa - Ontario : |bEnvironnement Canada. |cFévrier 2008. |
| 300 | |a133p. : |bcartes, références, tableaux, index ; |c28 cm. |
| 490 | 1 |aPublication hors série - Service canadien de la faune|x0701-7944|vN° 114 |
| 520 | 3 |aDécrit les habitats terrestres clés qui sont essentiels au bien-être de diverses espèces d’oiseaux migrateurs au Canada. |
| 563 | |aCouverture souple |
| 590 | |a09-33|b2009-08-14 |
| 691 | 07|aOiseau migrateur|2gcpds |
| 720 | 1 |aLatour, P.B. |
| 775 | 08|tKey migratory bird terrestrial habitat sites in the Northwest Territories and Nunavut / |w(CaOODSP)9.618463 |
| 776 | 0#|tHabitats terrestres clés pour les oiseaux migrateurs dans les Territoires du Nord-Ouest et au Nunavut / |w(CaOODSP)9.595050 |
| 830 | #0|aPublication hors-série (Service canadien de la faune)|x0701-7944|vN° 114|w(CaOODSP)9.512900 |